[Event "Armenia Quindio op"]
[Site "Armenia"]
[Date "2024.04.07"]
[Round "4"]
[White "Ortiz Rodriguez, Yeferson David"]
[Black "Rodriguez Correa, Enrique"]
[Result "1-0"]
[WhiteElo "1726"]
[BlackElo "1951"]
[PlyCount "39"]
[EventDate "2024.04.06"]
[EventType "swiss"]
[EventRounds "6"]
[EventCountry "COL"]
[SourceTitle "CB16_2024"]
[SourceDate "2024.04.17"]
[SourceVersion "1"]
[SourceVersionDate "2024.04.17"]
[SourceQuality "1"]

1. e4 c5 2. Nf3 d6 3. d4 cxd4 4. Nxd4 Nf6 5. Nc3 a6 6. Bc4 e6 7. Bb3 Be7 8. g4 Nc6 9. g5 Nxd4 10. Qxd4 Nh5 11. f4 0-0 12. Be3 b5 13. 0-0-0 Bb7 14. Rhg1 Re8 15. Ne2 g6 16. Ng3 Nxf4 17. Bxf4 e5 18. Bxe5 Bxg5+ 19. Kb1 dxe5 20. Qf2 1-0

[Event "COL-chT"]
[Site "Risaralda"]
[Date "2023.11.22"]
[Round "6.2"]
[White "Ortiz Rodriguez, Yeferson David"]
[Black "Mena Ardila, Alexander"]
[Result "0-1"]
[WhiteElo "1489"]
[BlackElo "1932"]
[PlyCount "41"]
[EventDate "2023.11.19"]
[EventType "team-swiss"]
[EventRounds "7"]
[EventCountry "COL"]
[SourceTitle "CB49_2023"]
[SourceDate "2023.12.06"]
[SourceVersion "1"]
[SourceVersionDate "2023.12.06"]
[SourceQuality "1"]
[WhiteTeam "Quindio"]
[BlackTeam "Arauca"]
[WhiteTeamCountry "COL"]
[BlackTeamCountry "COL"]

1. e4 c5 2. Nf3 d6 3. d4 cxd4 4. Nxd4 Nf6 5. Nc3 a6 6. Bg5 Nbd7 7. Qd2 b5 8. a3 Bb7 9. f3 Rc8 10. Be2 e6 11. 0-0 Be7 12. Rad1 0-0 13. Kh1 Re8 14. Bd3 h6 15. Be3 Ne5 16. Qe1 Nc4 17. Bxc4 Rxc4 18. Qg3 Kh7 19. e5 Nd5 20. Nxd5 Bh4 21. Nf6+ 0-1